000 00511nam a2200181 a 4500
001 1762058366913
003 YourLibrary
005 20251102101254.0
008 251102s2010##################000#0#eng##
020 _a9780077316471
082 0 4 _a658.15
_bBRE
100 1 _aBrealey, Richard,
_eauthor.
245 1 0 _aStudy Guide to accompany Principles of Corp. Finance :
260 _bMcGraw-Hill/Irwin,
_c2010.
650 0 _aBusiness enterprises.
942 _cENGLISH
040 _aYourLibrary
_beng
_cYourLibrary
999 _c595217
_d595217